000 00311nam a22001457a 4500
003 SGT
082 _a611
_bC15S
100 _aSNELL, RICHARD S
245 _aCLINICAL ANATOMY BY REGIONS
250 _a9TH
260 _aINDIA
_bWOLTERS KLUWER
_c2015
300 _a754
650 _aHOMOEOPATHIC
942 _2ddc
_cBK
999 _c18596
_d18596